Internet of Things (Record no. 6973)

MARC details
000 -LEADER
fixed length control field 00329nam a2200145Ia 4500
003 - CONTROL NUMBER IDENTIFIER
control field OSt
008 - FIXED-LENGTH DATA ELEMENTS--GENERAL INFORMATION
fixed length control field 191201s2019 xx 000 0 und d
082 ## - DEWEY DECIMAL CLASSIFICATION NUMBER
Classification number 004.678
Item number SRI
100 ## - MAIN ENTRY--PERSONAL NAME
Personal name SRINIVASA, K.G.
245 #0 - TITLE STATEMENT
Title Internet of Things
260 ## - PUBLICATION, DISTRIBUTION, ETC. (IMPRINT)
Name of publisher, distributor, etc Cengage Learning
Date of publication, distribution, etc 2019
300 ## - PHYSICAL DESCRIPTION
Extent 441
650 ## - SUBJECT ADDED ENTRY--TOPICAL TERM
Topical term or geographic name as entry element B.Tech(CSE)
942 ## - ADDED ENTRY ELEMENTS (KOHA)
Source of classification or shelving scheme Dewey Decimal Classification
Koha item type Text Books
Holdings
Withdrawn status Lost status Source of classification or shelving scheme Damaged status Not for loan Collection code Home library Current library Date acquired Source of acquisition Cost, normal purchase price Bill Number Total Checkouts Full call number Acc. no. / Barcode Date last seen Actual Cost, discounted price Bill Date Koha item type Date last borrowed
    Dewey Decimal Classification     B.Tech(CSE) PIET C-LIBRARY PIET C-LIBRARY 21/07/2020 Kirti Prakashan 425.00 IN 3910   004.678 SRI 30983 04/12/2019 297.50 18/05/2019 Reference Books  
    Dewey Decimal Classification     B.Tech(CSE) PIET C-LIBRARY PIET C-LIBRARY 21/07/2020 Kirti Prakashan 425.00 IN 3910 1 004.678 SRI 30984 20/06/2022 297.50 18/05/2019 Text Books 09/03/2022
    Dewey Decimal Classification     B.Tech(CSE) PIET C-LIBRARY PIET C-LIBRARY 21/07/2020 Kirti Prakashan 425.00 IN 3910 1 004.678 SRI 30985 29/12/2021 297.50 18/05/2019 Text Books 14/12/2021
    Dewey Decimal Classification     B.Tech(CSE) PIET C-LIBRARY PIET C-LIBRARY 21/07/2020 Kirti Prakashan 425.00 IN 3910 1 004.678 SRI 30986 09/11/2021 297.50 18/05/2019 Text Books 26/10/2021
    Dewey Decimal Classification     B.Tech(CSE) PIET C-LIBRARY PIET C-LIBRARY 21/07/2020 Kirti Prakashan 425.00 IN 3910 1 004.678 SRI 30987 20/06/2022 297.50 18/05/2019 Text Books 03/06/2022

Design & Developed by: PIET Central Library
R70 Miles Stone Pattikalyana Samalkha Panipat 132102
mail ID :- [email protected], Phone No:- 0180-2569700 Ex.216